Shifting trends in M-commerce 2002 and after (Record no. 89691)

MARC details
000 -LEADER
fixed length control field 00513nam a2200193Ia 4500
008 - FIXED-LENGTH DATA ELEMENTS--GENERAL INFORMATION
fixed length control field 230125s9999 xx 000 0 und d
020 ## - INTERNATIONAL STANDARD BOOK NUMBER
International Standard Book Number 81-7888-059-8
041 ## - LANGUAGE CODE
Language code of text/sound track or separate title eng
082 ## - DEWEY DECIMAL CLASSIFICATION NUMBER
Classification number 004.69
Item number KHE
100 ## - MAIN ENTRY--PERSONAL NAME
Personal name Khemka P
9 (RLIN) 112703
245 ## - TITLE STATEMENT
Title Shifting trends in M-commerce 2002 and after
260 ## - PUBLICATION, DISTRIBUTION, ETC. (IMPRINT)
Date of publication, distribution, etc. 2003
Name of publisher, distributor, etc. Dominant publisher
Place of publication, distribution, etc. New Delhi
300 ## - PHYSICAL DESCRIPTION
Extent 309p
500 ## - GENERAL NOTE
Keywords M-commerce
650 ## - SUBJECT ADDED ENTRY--TOPICAL TERM
Topical term or geographic name as entry element Computer Management
700 ## - ADDED ENTRY--PERSONAL NAME
Personal name Khemka P & Badwar R
9 (RLIN) 112704
906 ## - LOCAL DATA ELEMENT F, LDF (RLIN)
b 104
Holdings
Withdrawn status Lost status Damaged status Not for loan Home library Current library Date acquired Vendor Cost, normal purchase price Bill number Total Checkouts Full call number Barcode Date last seen Cost, replacement price Bill Date Koha item type Original Barcode
        Smt. Hiraben Nanavati Institute of Management & Research for Women Smt. Hiraben Nanavati Institute of Management & Research for Women 03/03/2003 System sales 695.00 1380   004.69 KHE B03365 HIMR-BK-3365 25/01/2023 591.00 17/02/2003 Books B03365